La croyance, le savoir et la foi : Une refondation érotétique de la métaphysique (notice n° 1945754)

détails MARC
000 -LEADER
fixed length control field 01004cam a2200133 4500500
005 - DATE AND TIME OF LATEST TRANSACTION
control field 20260329030607.0
041 ## - LANGUAGE CODE
Language code of text/sound track or separate title fre
042 ## - AUTHENTICATION CODE
Authentication code dc
100 10 - MAIN ENTRY--PERSONAL NAME
Personal name Jacques, Francis
Relator term author
245 00 - TITLE STATEMENT
Title La croyance, le savoir et la foi : Une refondation érotétique de la métaphysique
260 ## - PUBLICATION, DISTRIBUTION, ETC.
Name of publisher, distributor, etc. Presses Universitaires de France,<br/>
Date of publication, distribution, etc. 2005.<br/>
520 ## - SUMMARY, ETC.
Summary, etc. Les questions de l’être et de Dieu sont sans cesse reprises. E. Gilson parle très justement de «constantes» mais sans en problématiser la nature. On est passé d’un savoir de l’être à une réflexion sur la possibilité de ce savoir et pour finir sur l’être interrogeable comme tel. Quel usage faire du questionnement métaphysique&amp;#8239;? Et si la «fonction méta» n’avait jamais eu l’érotétique qu’elle mérite&amp;#8239;? (erôtèma: interrogation)&amp;#8239;? C’est l’enjeu de ces leçons.
856 41 - ELECTRONIC LOCATION AND ACCESS
Uniform Resource Identifier <a href="https://shs.cairn.info/la-croyance-le-savoir-et-la-foi--9782130538318?lang=fr&redirect-ssocas=7080">https://shs.cairn.info/la-croyance-le-savoir-et-la-foi--9782130538318?lang=fr&redirect-ssocas=7080</a>

Pas d'exemplaire disponible.

PLUDOC

PLUDOC est la plateforme unique et centralisée de gestion des bibliothèques physiques et numériques de Guinée administré par le CEDUST. Elle est la plus grande base de données de ressources documentaires pour les Étudiants, Enseignants chercheurs et Chercheurs de Guinée.

Adresse

627 919 101/664 919 101

25 boulevard du commerce
Kaloum, Conakry, Guinée

Réseaux sociaux

Powered by Netsen Group @ 2025